[Event "BL2-Ost 1819"]
[Site "Germany"]
[Date "2018.12.16"]
[Round "4.6"]
[White "Promyshlyanskiy, Vitaliy"]
[Black "Wetscherek, Andreas"]
[Result "1-0"]
[WhiteElo "2285"]
[BlackElo "2337"]
[PlyCount "127"]
[EventDate "2018.11.10"]
[EventType "team-tourn"]
[EventRounds "10"]
[EventCountry "GER"]
[SourceTitle "CBM 190 Extra"]
[Source "ChessBase"]
[SourceDate "2019.07.15"]
[SourceVersion "1"]
[SourceVersionDate "2019.07.15"]
[SourceQuality "1"]
[WhiteTeam "Nuernberg NT"]
[BlackTeam "Bindlach"]
[WhiteTeamCountry "GER"]
[BlackTeamCountry "GER"]

1. e4 e5 2. Nf3 Nc6 3. Bb5 a6 4. Ba4 Nf6 5. Qe2 Be7 6. 0-0 b5 7. Bb3 d6 8. c3 0-0 9. Rd1 Na5 10. Bc2 c5 11. d4 Qc7 12. d5 c4 13. b4 cxb3 14. axb3 Ne8 15. Bd2 f5 16. Be1 fxe4 17. Nfd2 Nf6 18. Nxe4 Nxe4 19. Qxe4 Bf5 20. Qe2 Bxc2 21. Qxc2 Nb7 22. b4 a5 23. Na3 axb4 24. cxb4 Qxc2 25. Nxc2 Rfb8 26. Rxa8 Rxa8 27. Ra1 Ra4 28. Bc3 Bf6 29. Kf1 Kf7 30. Ke2 e4 31. Nd4 Rxa1 32. Bxa1 Bxd4 33. Bxd4 Kg6 34. Ke3 Nd8 35. Kxe4 Nf7 36. f4 Nh6 37. h3 Nf5 38. Bf2 Ne7 39. g4 Kf7 40. f5 Nc8 41. Bd4 Ne7 42. h4 Nc8 43. g5 g6 44. h5 Ne7 45. fxg6+ hxg6 46. h6 Kg8 47. Be3 Nf5 48. Bf4 Kf7 49. Bh2 Kf8 50. Be5 dxe5 51. Kxe5 Ke7 52. h7 Nd6 53. h8N Nc4+ 54. Kd4 Nd2 55. Kc5 Ne4+ 56. Kb6 Nxg5 57. Nxg6+ Kf6 58. Nf8 Ke7 59. Ne6 Nf7 60. Nd4 Ne5 61. Kc7 Nc4 62. Nxb5 Ne3 63. d6+ Ke6 64. Nc3 1-0

[Event "BL2-Ost 1617"]
[Site "Germany"]
[Date "2016.10.15"]
[Round "1.7"]
[White "Schmitz, Thorsten"]
[Black "Wetscherek, Andreas"]
[Result "0-1"]
[WhiteElo "2308"]
[BlackElo "2319"]
[PlyCount "82"]
[EventDate "2016.10.14"]
[EventType "team-tourn"]
[EventRounds "10"]
[EventCountry "GER"]
[SourceTitle "CBM 175 Extra"]
[Source "ChessBase"]
[SourceDate "2016.12.12"]
[SourceVersion "1"]
[SourceVersionDate "2016.12.12"]
[SourceQuality "1"]
[WhiteTeam "Garching"]
[BlackTeam "Bindlach"]
[WhiteTeamCountry "GER"]
[BlackTeamCountry "GER"]

1. e4 e5 2. Nf3 Nc6 3. Nc3 Nf6 4. g3 Bb4 5. Bg2 0-0 6. 0-0 Bxc3 7. dxc3 Nxe4 8. Nxe5 d5 9. Nxc6 bxc6 10. Be3 Re8 11. Re1 Bf5 12. g4 Bg6 13. f3 Nd6 14. b3 a5 15. a4 h5 16. h3 Qf6 17. Qd2 hxg4 18. hxg4 Bh7 19. Re2 Qg6 20. Rae1 Re6 21. Bf2 Rae8 22. Rxe6 Rxe6 23. Rxe6 fxe6 24. c4 Qxc2 25. Qxa5 dxc4 26. bxc4 Bd3 27. Qxc7 Qc1+ 28. Kh2 Qf4+ 29. Kh3 Bxc4 30. Bc5 Qh6+ 31. Kg3 g5 32. Bh3 Nf7 33. Qb8+ Kh7 34. Qb1+ Kg8 35. Qb8+ Kh7 36. Qc7 e5 37. Qe7 Bd5 38. Bf1 Qh4+ 39. Kg2 Qxg4+ 40. Kh2 Qf4+ 41. Kg1 Qxf3 0-1

[Event "BL2-Ost 1213"]
[Site "Germany"]
[Date "2013.02.24"]
[Round "7.6"]
[White "Rosko, Lubos"]
[Black "Wetscherek, Andreas"]
[Result "1/2-1/2"]
[WhiteElo "2311"]
[BlackElo "2355"]
[PlyCount "75"]
[EventDate "2012.10.14"]
[EventType "team-tourn"]
[EventRounds "9"]
[EventCountry "GER"]
[SourceTitle "CBM 154 Extra"]
[Source "ChessBase"]
[SourceDate "2013.06.25"]
[SourceVersion "2"]
[SourceVersionDate "2013.06.25"]
[SourceQuality "1"]
[WhiteTeam "Aue Nickelhuette"]
[BlackTeam "Bindlach"]
[WhiteTeamCountry "GER"]
[BlackTeamCountry "GER"]

1. d4 Nf6 2. c4 g6 3. Nc3 d5 4. Nf3 Bg7 5. cxd5 Nxd5 6. e4 Nxc3 7. bxc3 c5 8. Rb1 0-0 9. Be2 b6 10. 0-0 Qc7 11. Bg5 Bb7 12. Qd3 Ba6 13. Qe3 Bxe2 14. Qxe2 Nc6 15. Rfd1 cxd4 16. cxd4 Rac8 17. Rbc1 h6 18. d5 hxg5 19. Rxc6 Qf4 20. g3 Qg4 21. Kg2 Qh5 22. Rdc1 Rxc6 23. dxc6 g4 24. Ne1 Rc8 25. Qd1 Be5 26. c7 Bd6 27. Rc6 Rxc7 28. Rxc7 Bxc7 29. Qd7 Qc5 30. Qxg4 b5 31. Qd7 Bb6 32. Nd3 Qd4 33. Qe8+ Kg7 34. Qxb5 Qxe4+ 35. Kg1 Qf3 36. Qb2+ Kg8 37. Qd2 Qd5 38. Qe2 1/2-1/2

[Event "BL2-Ost 1112"]
[Site "Germany"]
[Date "2011.12.11"]
[Round "4.6"]
[White "Wetscherek, Andreas"]
[Black "Meier, Volker"]
[Result "1-0"]
[WhiteElo "2352"]
[BlackElo "2292"]
[PlyCount "125"]
[EventDate "2011.10.02"]
[EventType "team-tourn"]
[EventRounds "9"]
[EventCountry "GER"]
[SourceTitle "EXT 2015"]
[Source "ChessBase"]
[SourceDate "2014.11.20"]
[SourceVersion "1"]
[SourceVersionDate "2014.11.20"]
[SourceQuality "1"]
[WhiteTeam "Bindlach"]
[BlackTeam "Muenchen Tarrasch"]
[WhiteTeamCountry "GER"]
[BlackTeamCountry "GER"]

1. e4 c5 2. Nf3 e6 3. d4 cxd4 4. Nxd4 a6 5. Bd3 Qc7 6. 0-0 Nf6 7. Qe2 d6 8. c4 b6 9. Nc3 Bb7 10. f4 Nbd7 11. Kh1 h5 12. Bd2 Be7 13. b4 g6 14. Rac1 Rc8 15. Rce1 h4 16. Kg1 b5 17. Nxe6 fxe6 18. cxb5 a5 19. e5 Nd5 20. exd6 Qxd6 21. Nxd5 Qxd5 22. Bxg6+ Kd8 23. Be4 Qxe4 24. Qxe4 Bxe4 25. Rxe4 Rc2 26. Rf2 axb4 27. Bxb4 Rc1+ 28. Rf1 Rc2 29. Rf2 Rc1+ 30. Rf1 Rc2 31. Bxe7+ Kxe7 32. Rfe1 Nc5 33. R4e2 Rxe2 34. Rxe2 Rb8 35. Rb2 Nd3 36. Rb3 Nxf4 37. a4 Ne2+ 38. Kf2 Nd4 39. Rb2 Kd6 40. Ke3 Kc5 41. Ke4 Rg8 42. Ke5 Rg5+ 43. Kf4 Rf5+ 44. Kg4 e5 45. b6 Rf4+ 46. Kg5 Nc6 47. Rb5+ Kd6 48. b7 Rf8 49. Kxh4 e4 50. Rb3 Kc7 51. Kg3 Nd4 52. b8Q+ Rxb8 53. Rxb8 Kxb8 54. Kf4 Ne6+ 55. Kxe4 Nc5+ 56. Kf5 Nxa4 57. h4 Nc5 58. h5 Nd7 59. h6 Nf8 60. g4 Kc7 61. g5 Kd7 62. g6 Ke7 63. h7 1-0

[Event "BL2-Ost 1011"]
[Site "Germany"]
[Date "2010.10.24"]
[Round "2.3"]
[White "Wetscherek, Andreas"]
[Black "Kunze, Carlo"]
[Result "1/2-1/2"]
[WhiteElo "2377"]
[BlackElo "2340"]
[PlyCount "107"]
[EventDate "2010.10.10"]
[EventType "team-tourn"]
[EventRounds "9"]
[EventCountry "GER"]
[SourceTitle "EXT 2012"]
[Source "ChessBase"]
[SourceDate "2011.11.24"]
[SourceVersion "1"]
[SourceVersionDate "2011.11.24"]
[SourceQuality "1"]
[WhiteTeam "Bindlach"]
[BlackTeam "Chemnitz USG"]
[WhiteTeamCountry "GER"]
[BlackTeamCountry "GER"]

1. e4 c5 2. Nf3 Nc6 3. c3 d5 4. exd5 Qxd5 5. d4 Bg4 6. Be2 e6 7. 0-0 Nf6 8. h3 Bh5 9. Be3 cxd4 10. Nxd4 Bxe2 11. Qxe2 Nxd4 12. Bxd4 Be7 13. Rd1 Qc6 14. c4 0-0 15. Nc3 a6 16. Rac1 Rac8 17. b3 Rfd8 18. Rd3 Rd7 19. Bxf6 Bxf6 20. Ne4 Be7 21. Rxd7 Qxd7 22. Rd1 Qc7 23. Rd3 Rd8 24. Qd2 Rxd3 25. Qxd3 f5 26. Nc3 Qd6 27. Qxd6 Bxd6 28. Kf1 Be5 29. Na4 Bd4 30. c5 Kf7 31. Ke2 e5 32. b4 Ke6 33. a3 e4 34. f3 exf3+ 35. Kxf3 Bf6 36. Nb6 Bd8 37. Nc4 Bc7 38. Ke3 Kd5 39. Kd3 f4 40. Nd2 Be5 41. Nc4 Bc7 42. Nb2 g5 43. Na4 h5 44. Nc3+ Ke5 45. a4 g4 46. hxg4 hxg4 47. b5 axb5 48. axb5 f3 49. gxf3 gxf3 50. Ke3 f2 51. Kxf2 Kd4 52. Na4 Kc4 53. c6 Kxb5 54. cxb7 1/2-1/2

[Event "BL2-Ost 0708"]
[Site "Germany"]
[Date "2008.01.20"]
[Round "5.7"]
[White "Lisek, Juergen"]
[Black "Wetscherek, Andreas"]
[Result "0-1"]
[WhiteElo "2302"]
[BlackElo "2293"]
[PlyCount "166"]
[EventDate "2007.10.21"]
[EventType "team-tourn"]
[EventRounds "9"]
[EventCountry "GER"]
[SourceTitle "EXT 2009"]
[Source "ChessBase"]
[SourceDate "2008.11.26"]
[SourceVersion "1"]
[SourceVersionDate "2008.11.26"]
[SourceQuality "1"]
[WhiteTeam "Berlin Rotation"]
[BlackTeam "Bindlach II"]
[WhiteTeamCountry "GER"]
[BlackTeamCountry "GER"]

1. e4 c5 2. Nf3 e6 3. d4 cxd4 4. Nxd4 a6 5. Bd3 Nf6 6. 0-0 d6 7. c4 b6 8. Nc3 Bb7 9. Be3 Nbd7 10. f3 Rc8 11. Rc1 Be7 12. Qe2 0-0 13. Rfd1 Qc7 14. Qf2 Ne5 15. Bf1 Nfd7 16. Qg3 Qb8 17. b3 Rfe8 18. f4 Ng6 19. f5 Ngf8 20. Nf3 Nf6 21. Bh6 g6 22. fxe6 Nxe6 23. Bd3 Nc5 24. Ng5 d5 25. e5 Nxd3 26. Rxd3 Bc5+ 27. Kh1 Qxe5 28. Nxd5 Bxd5 29. Qxe5 Rxe5 30. cxd5 Bf8 31. Nf3 Rxc1+ 32. Bxc1 Rxd5 33. Rxd5 Nxd5 34. g3 Nb4 35. a3 Nd3 36. Be3 b5 37. a4 bxa4 38. bxa4 Nb2 39. a5 Nc4 40. Bb6 Bb4 41. Ng5 Bxa5 42. Bd4 Bb6 43. Bc3 Bc7 44. Nf3 f5 45. Kg2 Kf8 46. Kf2 Ke7 47. Ke2 Kd6 48. Ng5 h5 49. Nf3 Bd8 50. Ne1 Ba5 51. Bxa5 Nxa5 52. Ke3 Nc4+ 53. Kf4 Ke6 54. Kg5 Kf7 55. Nd3 a5 56. Nc5 Nd2 57. Kf4 Ne4 58. Na4 Ke6 59. Nb6 Nc5 60. Kg5 Kf7 61. Kf4 a4 62. Nc4 Kf6 63. Ke3 Ne4 64. Kd3 Kg5 65. Ne5 Kf6 66. Nc4 Nf2+ 67. Ke2 Ng4 68. h3 Ne5 69. Na3 Nf7 70. Nc4 Ng5 71. h4 Ne4 72. Kf3 g5 73. hxg5+ Kxg5 74. Kg2 Nc3 75. Na3 Kg4 76. Nc4 Nb5 77. Ne3+ Kg5 78. Kh3 a3 79. Nc2 a2 80. Na1 Nd4 81. Kg2 Kg4 82. Kf2 f4 83. gxf4 Kxf4 0-1

[Event "GER-ch internet U25 final"]
[Site "Playchess.com INT"]
[Date "2007.06.20"]
[Round "2"]
[White "Meier, Georg"]
[Black "Wetscherek, Andreas"]
[Result "1-0"]
[WhiteElo "2506"]
[BlackElo "2293"]
[PlyCount "47"]
[EventDate "2007.06.20"]
[EventType "swiss (blitz)"]
[EventRounds "7"]
[EventCountry "GER"]
[SourceTitle "EXT 2009"]
[Source "ChessBase"]
[SourceDate "2008.11.26"]
[SourceVersion "1"]
[SourceVersionDate "2008.11.26"]
[SourceQuality "1"]

1. Nf3 d5 2. c4 c6 3. d4 Nf6 4. Nc3 a6 5. e3 e6 6. b3 b5 7. Bd3 Nbd7 8. 0-0 Be7 9. Qc2 Bb7 10. e4 b4 11. Ne2 dxe4 12. Bxe4 Nxe4 13. Qxe4 Nf6 14. Qe3 c5 15. Bb2 Qc7 16. Ne5 cxd4 17. Bxd4 0-0 18. Rad1 Rac8 19. f3 Qa5 20. Rd2 Rfd8 21. Rfd1 h6 22. Nf4 Ne8 23. Nxf7 Kxf7 24. Qxe6+ 1-0

[Event "GER-ch internet U25 final"]
[Site "Playchess.com INT"]
[Date "2007.06.20"]
[Round "5"]
[White "Wetscherek, Andreas"]
[Black "Trella, Thomas"]
[Result "1-0"]
[WhiteElo "2293"]
[BlackElo "2234"]
[PlyCount "49"]
[EventDate "2007.06.20"]
[EventType "swiss (blitz)"]
[EventRounds "7"]
[EventCountry "GER"]
[SourceTitle "EXT 2009"]
[Source "ChessBase"]
[SourceDate "2008.11.26"]
[SourceVersion "1"]
[SourceVersionDate "2008.11.26"]
[SourceQuality "1"]

1. e4 e6 2. d4 d5 3. e5 c5 4. c3 Nc6 5. Nf3 Bd7 6. Bd3 cxd4 7. cxd4 Rc8 8. Nc3 Qb6 9. 0-0 Nxd4 10. Nxd4 Qxd4 11. Kh1 Qxe5 12. Re1 Qb8 13. Nxd5 Bd6 14. Qg4 Kf8 15. Bd2 h5 16. Qh3 Bc6 17. Nc3 Nf6 18. Rad1 Ng4 19. Re2 Bxh2 20. f3 Ne5 21. Be4 Bxe4 22. Nxe4 Nc6 23. Qxh2 Qxh2+ 24. Kxh2 Nd4 25. Bb4+ 1-0

[Event "GER-ch internet U25 qual 03"]
[Site "Playchess.com INT"]
[Date "2007.06.10"]
[Round "2"]
[White "Wetscherek, Andreas"]
[Black "Zaragatski, Ilja"]
[Result "0-1"]
[WhiteElo "2293"]
[BlackElo "2445"]
[PlyCount "60"]
[EventDate "2007.06.10"]
[EventType "swiss (blitz)"]
[EventRounds "7"]
[EventCountry "GER"]
[SourceTitle "EXT 2009"]
[Source "ChessBase"]
[SourceDate "2008.11.26"]
[SourceVersion "1"]
[SourceVersionDate "2008.11.26"]
[SourceQuality "1"]

1. e4 e6 2. d4 d5 3. e5 c5 4. c3 Nc6 5. Nf3 Nge7 6. Na3 cxd4 7. cxd4 Nf5 8. Nc2 Qb6 9. Be2 Bd7 10. 0-0 Rc8 11. b3 f6 12. exf6 gxf6 13. Bd3 Nfe7 14. Bf4 Ng6 15. Bg3 Bg7 16. Re1 0-0 17. Bxg6 hxg6 18. Qd3 Ne7 19. a4 Kf7 20. Rac1 Nf5 21. Ne3 Bh6 22. Nxf5 gxf5 23. Rxc8 Rxc8 24. Nh4 Qb4 25. Qe2 Kg7 26. Rd1 Qxb3 27. h3 Qxd1+ 28. Qxd1 Rc1 29. Qxc1 Bxc1 30. Bb8 a5 0-1

[Event "GER-ch internet U25 qual 01"]
[Site "Playchess.com INT"]
[Date "2007.05.20"]
[Round "7"]
[White "Wetscherek, Andreas"]
[Black "Gaitzsch, Martin"]
[Result "1-0"]
[WhiteElo "2293"]
[BlackElo "2019"]
[PlyCount "67"]
[EventDate "2007.05.20"]
[EventType "swiss (blitz)"]
[EventRounds "7"]
[EventCountry "GER"]
[SourceTitle "EXT 2009"]
[Source "ChessBase"]
[SourceDate "2008.11.26"]
[SourceVersion "1"]
[SourceVersionDate "2008.11.26"]
[SourceQuality "1"]

1. e4 c5 2. Nf3 Nc6 3. c3 Nf6 4. e5 Nd5 5. d4 cxd4 6. Bc4 Nb6 7. Bb3 g6 8. cxd4 d6 9. Ng5 e6 10. Qf3 Qd7 11. Ne4 Be7 12. exd6 Nxd4 13. Qc3 e5 14. dxe7 Qxe7 15. Bg5 Nb5 16. Qd3 Qb4+ 17. Bd2 Qd4 18. Qxb5+ Bd7 19. Nf6+ Ke7 20. Nxd7 Nxd7 21. Qb4+ Kf6 22. Qxd4 exd4 23. 0-0 Rhe8 24. Na3 Re2 25. Rad1 Nc5 26. Bc4 Re7 27. Bb4 Rc8 28. Rxd4 a5 29. Bc3 Kf5 30. h4 h5 31. Rd5+ Kg4 32. Rfd1 Na4 33. R1d4+ Re4 34. Rxe4# 1-0

[Event "Landesliga Nord 0506"]
[Site "Bayern"]
[Date "2005.11.13"]
[Round "2.5"]
[White "Wutz, Christoph"]
[Black "Wetscherek, Andreas"]
[Result "1/2-1/2"]
[WhiteElo "2141"]
[BlackElo "2217"]
[PlyCount "120"]
[EventDate "2005.10.23"]
[EventType "team"]
[EventRounds "9"]
[EventCountry "GER"]
[SourceTitle "EXT 2007"]
[Source "ChessBase"]
[SourceDate "2006.11.23"]
[SourceVersion "1"]
[SourceVersionDate "2006.11.23"]
[SourceQuality "1"]

1. d4 e6 2. c4 d5 3. Nc3 Nf6 4. Nf3 c6 5. Bg5 h6 6. Bh4 dxc4 7. e4 g5 8. Bg3 b5 9. Be2 Nbd7 10. Ne5 Bb7 11. Qc2 c5 12. dxc5 Nxc5 13. 0-0 Qb6 14. Bf3 Bg7 15. Rad1 0-0 16. h4 Rad8 17. hxg5 hxg5 18. Qe2 b4 19. Nxc4 Qa6 20. Bd6 bxc3 21. Bxc5 g4 22. Bxf8 Rxf8 23. Bxg4 Nxg4 24. Qxg4 Qxc4 25. bxc3 Bxe4 26. Rfe1 Bd5 27. Qxc4 Bxc4 28. Rd7 a5 29. Ra7 Bxa2 30. Re3 Rc8 31. Rxa5 Bd5 32. Ra3 Kf8 33. Kh2 Rc7 34. Kg1 Bh6 35. Rh3 Bc1 36. Ra1 Bb2 37. Rb1 Bxc3 38. Rc1 Be5 39. Rxc7 Bxc7 40. Ra3 Kg7 41. Ra4 Kg6 42. Rb4 Kg5 43. Ra4 f5 44. g3 Bb6 45. Rb4 Bc5 46. Ra4 Be4 47. Rc4 Be7 48. Rc3 Bf6 49. Rb3 Bd4 50. Ra3 Kg4 51. Rb3 Bd5 52. Ra3 e5 53. Rd3 Kh3 54. Ra3 e4 55. Ra6 e3 56. Rh6+ Kg4 57. Rh4+ Kf3 58. Rxd4 exf2+ 59. Kf1 Be4 60. Rd2 Kxg3 1/2-1/2